Города по Фото — Е - Statistics

General Stats
  • This quiz has been taken 28 times
  • The average score is 4 of 12
Answer Stats
Picture Answer % Correct
Екатеринбург
77%
Ейск
68%
Ереван
59%
Елабуга
55%
Ессентуки
45%
Евпатория
32%
Елец
32%
Енисейск
23%
Есенице
14%
Елгава
9%
Егорьевск
9%
Евле
0%
No matching quizzes found
Score Distribution
Percent of People with Each Score
Percentile by Number Answered
Your Score History
You have not taken this quiz